00000000nam 2200000zi 4500
0019.935981
003CaOODSP
00520250110094142
006m     o  d f      
007cr cn|||||||||
008240325t20242024oncad   o    f000 0 fre d
020 |a9780660710068
040 |aCaOODSP|bfre|erda|cCaOODSP
043 |an-cn---
0861 |aM154-169/2024F-PDF
24500|aRéduction des coûts de chauffage électrique grâce au stockage thermique.
264 1|a[Ottawa] : |bRessources naturelles Canada = Natural Resources Canada, |c[2024]
264 4|c©2024
300 |a1 ressource en ligne (5 pages non numérotées) : |billustrations, graphiques
336 |atexte|btxt|2rdacontent/fre
337 |ainformatique|bc|2rdamedia/fre
338 |aressource en ligne|bcr|2rdacarrier/fre
500 |aTitre de la couverture.
500 |aPublié aussi en anglais sous le titre : Reducing electric heating costs with thermal storage.
650 6|aChaleur|xStockage|xAppareils et matériel.
650 6|aConstructions|xÉconomies d'énergie|zCanada.
7101 |aCanada. |bRessources naturelles Canada, |eorganisme de publication.
77508|tReducing electric heating costs with thermal storage.|w(CaOODSP)9.935980
85640|qPDF|s1.20 Mo|uhttps://publications.gc.ca/collections/collection_2025/rncan-nrcan/M154-169-2024-fra.pdf